Financial accounting / (Record no. 434)
[ view plain ]
| 000 -LEADER | |
|---|---|
| fixed length control field | 01154cam a22003978a 4500 |
| 003 - CONTROL NUMBER IDENTIFIER | |
| control field | ALUPE UNIVERSITY |
| 005 - DATE AND TIME OF LATEST TRANSACTION | |
| control field | 20210614083715.0 |
| 008 - FIXED-LENGTH DATA ELEMENTS--GENERAL INFORMATION | |
| fixed length control field | 071204s2008 onc 001 0 eng |
| 020 ## - INTERNATIONAL STANDARD BOOK NUMBER | |
| International Standard Book Number | 9780070980969 |
| 020 ## - INTERNATIONAL STANDARD BOOK NUMBER | |
| International Standard Book Number | 0070980969 |
| 029 0# - OTHER SYSTEM CONTROL NUMBER (OCLC) | |
| OCLC library identifier | NLC |
| System control number | 20079074413 |
| 040 ## - CATALOGING SOURCE | |
| Transcribing agency | NLC |
| 050 ## - LIBRARY OF CONGRESS CALL NUMBER | |
| Classification number | HF5635 |
| Item number | .F43 2008 |
| 055 #0 - CLASSIFICATION NUMBERS ASSIGNED IN CANADA | |
| Classification number | HF5635 |
| Item number | F43 2008 |
| 090 ## - LOCALLY ASSIGNED LC-TYPE CALL NUMBER (OCLC); LOCAL CALL NUMBER (RLIN) | |
| Classification number (OCLC) (R) ; Classification number, CALL (RLIN) (NR) | 657 FIN |
| 090 ## - LOCALLY ASSIGNED LC-TYPE CALL NUMBER (OCLC); LOCAL CALL NUMBER (RLIN) | |
| Classification number (OCLC) (R) ; Classification number, CALL (RLIN) (NR) | 657 F3715 2008 |
| 245 00 - TITLE STATEMENT | |
| Title | Financial accounting / |
| Statement of responsibility, etc. | Robert Libby ... [and others]. |
| 250 ## - EDITION STATEMENT | |
| Edition statement | Third Canadian edition |
| 260 ## - PUBLICATION, DISTRIBUTION, ETC. | |
| Place of publication, distribution, etc. | Whitby, Ont. : |
| Name of publisher, distributor, etc. | McGraw-Hill Ryerson, |
| Date of publication, distribution, etc. | 2008. |
| 336 ## - CONTENT TYPE | |
| Content type term | text |
| Content type code | txt |
| Source | rdacontent |
| 337 ## - MEDIA TYPE | |
| Media type term | unmediated |
| Media type code | n |
| Source | rdamedia |
| 338 ## - CARRIER TYPE | |
| Carrier type term | volume |
| Carrier type code | nc |
| Source | rdacarrier |
| 500 ## - GENERAL NOTE | |
| General note | Includes index. |
| 650 #0 - SUBJECT ADDED ENTRY--TOPICAL TERM | |
| Topical term or geographic name entry element | Accounting |
| Form subdivision | Textbooks. |
| 650 #0 - SUBJECT ADDED ENTRY--TOPICAL TERM | |
| Topical term or geographic name entry element | Corporations |
| General subdivision | Accounting |
| Form subdivision | Textbooks. |
| 650 #0 - SUBJECT ADDED ENTRY--TOPICAL TERM | |
| Topical term or geographic name entry element | Financial statements |
| Form subdivision | Textbooks. |
| 650 #0 - SUBJECT ADDED ENTRY--TOPICAL TERM | |
| Topical term or geographic name entry element | Cash management |
| Form subdivision | Textbooks. |
| 650 #0 - SUBJECT ADDED ENTRY--TOPICAL TERM | |
| Topical term or geographic name entry element | Inventories |
| General subdivision | Accounting |
| Form subdivision | Textbooks. |
| 700 1# - ADDED ENTRY--PERSONAL NAME | |
| Personal name | Libby, Robert. |
| 910 ## - USER-OPTION DATA (OCLC) | |
| User-option data | Canadian |
| 942 ## - ADDED ENTRY ELEMENTS (KOHA) | |
| Source of classification or shelving scheme | |
| Koha item type | Book |
| Suppress in OPAC | DO |
| Withdrawn status | Lost status | Source of classification or shelving scheme | Damaged status | Not for loan | Permanent Location | Current Location | Shelving location | Date acquired | Total Checkouts | Full call number | Barcode | Date last seen | Date last checked out | Price effective from | Koha item type | Public note |
|---|---|---|---|---|---|---|---|---|---|---|---|---|---|---|---|---|
| AU LIBRARY | AU LIBRARY | Open Shelf | 14.06.2021 | 1 | HF5635 .F43 2008 | 28000220 | 29.11.2021 | 17.11.2021 | 14.06.2021 | Book | DO |